000 00871nam a2200205Ia 4500
003 GCL
008 140319s9999 xx 000 0 ara d
040 _aGCL /
_cGCL
082 0 4 _aق
_b962.076
_bب ط
100 1 _aبطرس بطرس غالى
245 1 0 _aطريق مصر الى القدس :
_bقصة الصراع من اجل السلام فى الشرق الاوسط /
_cبطرس بطرس غالى
250 _aالاولى
260 _aالقاهرة :
_bمركز الاهرام للترجمة والنشر ،
_c1997
300 _a375 ص
490 _aالهيئة العامة للاستعلامات
_v0
650 0 4 _aمصر - تاريخ - العصر الحديث (1805 - 1956 )
650 0 4 _aمصر - اتفاقيات كامب ديفيد
650 0 4 _aمصر - تاريخ - العصر الحديث - انور السادات (1971 - 1981)
942 _2ddc
_cBK
999 _c50562
_d50562